| 000 | 00743cam a22002417a 4500 | ||
|---|---|---|---|
| 999 |
_c29388 _d29388 |
||
| 001 | 16662575 | ||
| 005 | 20171205124747.0 | ||
| 008 | 110223s2010 ke 000 f eng | ||
| 010 | _a 2011342330 | ||
| 020 | _a9789966256300 | ||
| 020 | _z978996625630X | ||
| 040 |
_aDLC _cDLC |
||
| 042 | _alcode | ||
| 050 | _aPZ 4 .D39 2010 | ||
| 100 | 1 |
_aDawood, Yusuf K. _q(Yusuf Kodwavwala) |
|
| 245 | 1 | 0 |
_aEye of the storm / _cYusuf K. Dawood. |
| 260 |
_aNairobi : _bEast African Educational Publishers, _c2010. |
||
| 300 |
_av, 394 p. ; _c21 cm. |
||
| 490 | 0 |
_aPeak library ; _v62 |
|
| 906 |
_a7 _bcbc _corigode _d4 _encip _f20 _gy-gencatlg |
||
| 942 |
_2lcc _cAFRICANA _hPZ 4 .D39 2010 |
||